00597nam a2200205 a 450000100060000000300080000600500170001400800410003103500190007204000360009104100080012708200250013510000260016024500650018625000120025126000290026330000330029250400400032565000260036569181BD-RjUL20211209081846.0170410s1923 enka b 001 0 eng d a(BD-RjUL)69392 aDLC/ICUcCGUdEQOdBD-RjULbeng aeng 223a530.11bBOA 19231 aBolton, L.q(Lyndon).13aAn introduction to the theory of relativity /cby L. Bolton. a2nd ed. aLondon :bMethuen,c1923 axi, 180 p. :bill. ;c20 cm. aIncludes Bibliographies and Indexes 0aRelativity (Physics).